Statistics for U.S. States that Start with M - Flag Quiz

Click here to take the quiz!

General Stats

  • This quiz has been taken 16 times
  • The average score is 7 of 8

Answer Stats

Answer % Correct
Maryland
100%
Missouri
93%
Mississippi
93%
Minnesota
93%
Maine
86%
Michigan
86%
Montana
79%
Massachusetts
71%

Score Distribution

Percentile by Number Answered

Percent of People with Each Score

Your Score History

You have not taken this quiz